| 000 | 00403nam a22001697a 4500 | ||
|---|---|---|---|
| 005 | 20180316155430.0 | ||
| 008 | 160621b xxu||||| |||| 00| 0 eng d | ||
| 020 | _a978-81-203-36315 | ||
| 041 | _aeng | ||
| 082 |
_b8702 _a332.645 |
||
| 100 |
_aHull, John c _9379 |
||
| 245 | _aOptions futures and other Derivatives | ||
| 260 |
_bPHI _c2008 |
||
| 300 | _a772 | ||
| 650 |
_aManagement _9241 |
||
| 942 | _cBK | ||
| 999 |
_c3363 _d3362 |
||